000 00444nam a2200193Ia 4500
005 20250425162650.0
008 250425s9999 xx 000 0 und d
041 _aeng
082 _a597.024
245 0 _aFISH PHYSIOLOGY: BIOENERGETICS AND GROWTH
250 _aS.E
260 _aEstados Unidos
_bACADEMIC PRESS
_c1970
260 _aNEW YORK
300 _a781
650 _aPECES
650 _aPECES
942 _c01
010 _a95232
999 _c233926
_d233926